Statistics for Flest tastetryk - 15 sekunders sprint

Click here to take the quiz!

General Stats

  • This quiz has been taken 275 times
  • The average score is 60 of 160

Answer Stats

#% Correct
1
98%
3
93%
4
93%
2
91%
5
91%
6
91%
7
91%
8
91%
9
91%
10
89%
11
89%
12
89%
13
87%
14
87%
15
84%
16
84%
17
82%
18
80%
19
80%
20
80%
21
80%
22
78%
23
78%
24
76%
25
76%
26
71%
27
69%
28
67%
29
67%
30
67%
31
67%
32
64%
33
60%
34
60%
35
60%
36
60%
37
60%
38
60%
39
58%
40
58%
41
58%
42
56%
43
53%
44
53%
45
53%
46
53%
47
53%
48
51%
49
49%
50
49%
51
49%
52
49%
53
49%
54
49%
55
47%
56
47%
57
44%
58
44%
59
40%
60
40%
61
40%
62
40%
63
38%
64
38%
65
38%
66
38%
67
38%
68
38%
69
36%
70
36%
71
36%
72
36%
73
33%
74
33%
75
33%
76
33%
77
33%
78
33%
79
33%
80
33%
81
33%
82
33%
83
33%
84
33%
85
33%
86
29%
87
29%
88
29%
89
27%
90
27%
100
24%
101
24%
102
24%
103
24%
91
24%
92
24%
93
24%
94
24%
95
24%
96
24%
97
24%
98
24%
99
24%
104
20%
105
18%
106
18%
107
18%
108
18%
109
18%
110
18%
111
18%
112
18%
113
18%
114
18%
115
16%
116
16%
117
16%
118
16%
119
16%
120
16%
121
13%
122
13%
123
13%
124
11%
125
11%
126
11%
127
11%
128
11%
129
11%
130
11%
131
11%
132
11%
133
11%
134
9%
135
9%
136
7%
137
7%
138
7%
139
7%
140
7%
141
7%
142
7%
143
7%
144
7%
145
7%
146
7%
147
7%
148
7%
149
4%
150
4%
151
4%
152
2%
153
0%
154
0%
155
0%
156
0%
157
0%
158
0%
159
0%
160
0%

Score Distribution

Percentile by Number Answered

Percent of People with Each Score

Your Score History

You have not taken this quiz